Pays les plus chrétiens par nombre d'habitants - Statistiques

Statistiques générales
  • Ce quiz a été pris 390 fois
  • Le résultat moyen est 3 sur 15
Statistiques - réponses
Pourcentage Réponse % Correct
100% Vatican
92%
97,7% Pologne
41%
98% Grèce
33%
99 % Arménie
29%
99 % Roumanie
28%
98% Malte
26%
98,5% Moldavie
17%
98% Venezuela
14%
99 % Guatemala
10%
99,2% Samoa
10%
99 % Grenade
7%
99 % Timor Oriental
7%
98,4% Tuvalu
7%
97,5 Zambie
6%
98,6% Guinée équatoriale
2%
Aucun quiz correspondant
Distribution des résultats
% des personnes avec chaque résultat
Percentile par nombre de réponses
Votre historique - résultats
Vous n’avez pas pris ce quiz